000 00304nam a22001337a 4500
008 180920b xxu||||| |||| 00| 0 eng d
020 _a9781578592241
041 _aeng
080 _23rd
_a521
100 _a42
101 _aAST
245 _aThe Handy Science answer book
_cBobick,J,E
942 _2udc
_cBK
999 _c48107
_d48107